| 000 | 00446nam a22001817a 4500 | ||
|---|---|---|---|
| 003 | CEME | ||
| 005 | 20210628204000.0 | ||
| 008 | 210308b xxu||||| |||| 00| 0 eng d | ||
| 020 | _a0-13-914532-X | ||
| 040 | _c. | ||
| 082 | _a620.3 THO'T | ||
| 100 |
_aThomson, W. T _968127 |
||
| 245 | _aTheory of vibration with application | ||
| 260 |
_aNEWJERSY _bPRENTICE HALL _c1988 |
||
| 300 | _a466P | ||
| 650 |
_aVIBRATION _939230 |
||
| 942 |
_cBK _2ddc |
||
| 999 |
_c575766 _d575766 |
||